000 01336cam a2200361 i 4500
001 768714001
003 CO-MdFUSB
005 20240227165327.0
007 ta
008 010215t20011994enk b 000 0 eng
020 _a978083081246
_q2
040 _cCO-MdFUSB
041 _aeng
082 _223
_a227.107
_bST888
100 1 _aStott, John R. W.
_eautor
245 1 4 _aThe message of Romans :
_bGod's good news for the world
_c/ autor y editor John R.W. Stott
264 1 _aLeicester, England ;
_aDowners Grove, Ill. :
_bInterVarsity Press,
_c[2001]
264 4 _c©1994
300 _a406 páginas ;
_c23 cm
336 _atexto
_btxt
_2rdacontent.
337 _asin mediación
_bn
_2rdamedia.
338 _avolumen
_bnc
_2rdacarrier.
490 1 _aThe Bible speaks today.
504 _aIncluye referencias bibliográficas.
505 _aConclusión: La providencia de Dios en el ministerio de Pablo (15:14-16:27) -- Su servicio apostólico (15:14-22) -- Sus planes de viaje (15:23-33) -- Su recomendación y saludos (16:1-16) -- Sus advertencias, mensajes y doxología (16:17-27).
563 _aRustico
630 0 7 _aBiblia.
_pRomanos
_xCrítica, interpretación, etc.
700 _aStott, John R. W.,
_91432
_eeditor
830 0 _aBible speaks today.
942 _cBK
945 _aJTF-925
999 _c68447
_d68447